00233nam a22000977a 4500040000700000082002200007100002000029245004100049260003600090300000900126 cHS a333 DEV 1997 C085 aDEVILLE ADRIAN aApplying the precautionary principle aAustraliabDEVILLE ADRIANc1997 a79p;